00463 2200181 4500001002100000005001500021035002000036245004500056100001600101250001700117300003300134260003500167082000800202084001400210020002200224650001000246500002500256INLIS00000000000101720250421095227 a0010-04250000121 aEtika Pergaulan Anak Baik /cAli Muakhir0 aAli Muakhir aCetakan ke-1 aiv, 36 hlm :bIlus ;c21 cm aJakarta :bGaneca Exact,c2007 a177 a177 ALI e a978-979-571-500-9 4aetika aSeri etika pergaulan